000 ncm a22 a 4500
999 _c350194
_d350194
003 BLK
005 20201007040658.0
008 200331b bu ||||| |||| 00| 0 bu d
040 _aBLK
041 _aBUL
_cBUL
080 _aМузика за духови инструменти
_b788
_z788(497.2)
_x(497.2)
100 _aКиндалов, Йордан Станев
_eпърви автор
_91299
139 _9Киндалов, Йордан Станев
_bК 54
245 _aЕтюди за флейта [Нотирана музика]
_cЙордан Киндалов
_nЧ. 3
260 _9209548
_aСофия
_bНаука и изкуство
_c1973
300 _a32 с.
_c31 см
380 _a7
500 _aСъдържа: 18 етюди
852 _aМ ІІ 6432
942 _cNOT
_n0
_s1
944 _aCR
_c2020-03-31
_l2020-03-31
999 _d350194
999 _d350193
999 _d350192
999 _d350189
999 _d350187
999 _d350186
999 _d350182
999 _d350180
999 _d350174
999 _d350173
999 _d350172